Normal view
MARC view
- Taylor, Donald. W
Entry Personal Name
001 - CONTROL NUMBER
- control field: 26830
003 - CONTROL NUMBER IDENTIFIER
- control field: NUST
005 - DATE AND TIME OF LATEST TRANSACTION
- control field: 20191212122548.0
008 - FIXED-LENGTH DATA ELEMENTS
- fixed length control field: 191212|| aca||aabn | a|a d
040 ## - CATALOGING SOURCE
- Original cataloging agency: NUST
- Transcribing agency: NUST
100 ## - HEADING--PERSONAL NAME
- Personal name: Taylor, Donald. W
670 ## - SOURCE DATA FOUND
- Source citation: Work cat.: (NUST): Taylor, Donald. W, Fundamentals of soil mechanics, 1959
